书目信息 |
| 题名: |
中华七言歌谣谜语
|
|
| 作者: | 张松林 , 林春增 编著 | |
| 分册: | ||
| 出版信息: | 济南 山东人民出版社 2006.01 |
|
| 页数: | 278页 | |
| 开本: | 21cm | |
| 丛书名: | 智慧宝库 | |
| 单 册: | ||
| 中图分类: | I277.8 | |
| 科图分类: | ||
| 主题词: | 谜语--mi yu--中国--汇编 | |
| 电子资源: | ||
| ISBN: | 7-209-03874-4 | |
| 000 | 00831nam 2200253 450 | |
| 001 | 012006551187 | |
| 005 | 20070611152906.15 | |
| 010 | @a7-209-03874-4@dCNY16.00 | |
| 100 | @a20061206d2006 km y0chiy0120 ea | |
| 101 | 0 | @achi |
| 102 | @aCN@b370000 | |
| 105 | @ay z 000zy | |
| 200 | 1 | @a中华七言歌谣谜语@Azhong hua qi yan ge yao mi yu@f张松林, 林春增编著@Fzhang song lin,lin chun zeng bian zhu |
| 210 | @a济南@c山东人民出版社@d2006.01 | |
| 215 | @a278页@d21cm | |
| 225 | 2 | @a智慧宝库@Azhi hui bao ku |
| 330 | @a本书收录多篇七言谜语,分为字谜类、植物类、动物类、物品类和综合类五个部分。 | |
| 410 | 0 | @12001 @a智慧宝库 |
| 606 | 0 | @a谜语@Ami yu@y中国@j汇编 |
| 690 | @aI277.8@v4 | |
| 701 | 0 | @a张松林@Azhang song lin@4编著 |
| 701 | 0 | @a林春增@Alin chun zeng@4编著 |
| 801 | 0 | @aCN@c20070611 |
| 905 | @a10447@dI277.8@eZ173 | |
| 中华七言歌谣谜语/张松林, 林春增编著.-济南:山东人民出版社,2006.01 |
| 278页;21cm.-(智慧宝库) |
| ISBN 7-209-03874-4:CNY16.00 |
| 本书收录多篇七言谜语,分为字谜类、植物类、动物类、物品类和综合类五个部分。 |
| ● |
| 相关链接 |
|
|
|
正题名:中华七言歌谣谜语
索取号:I277.8/Z173
 
预约/预借
| 序号 | 登录号 | 条形码 | 馆藏地/架位号 | 状态 | 备注 |
| 1 | 230956 | 202309563 | 文学库116/116文学库 13排1列3层/ [索取号:I277.8/Z173] | 在馆 | |
| 2 | 230957 | 202309572 | 文学库116/116文学库 13排1列3层/ [索取号:I277.8/Z173] | 在馆 | |
| 3 | 230958 | 202309581 | 文学库116/108文学库 56排3列4层/ [索取号:I277.8/Z173] | 在馆 |